00645cam a22002411 4500001001300000003000400013005001700017008004100034010001700075035002000092040002300112042001200135050001700147100003200164245002200196260005400218300002200272500001400294504003100308650002100339650002600360999001700386sa 67001306 DLC20260227112321.0890602s1963 ii b 000 0 hino  asa 67001306  a(OCoLC)19806755 aDLCcWaUdNRUdDLC apremarc00aPK1931b.S171 aSahal, Kanhaiya Lal,d1911-10aMūlyāṅkana. aJayapura,bRājasthāna Pustaka Mandirac[1963] a3, 394 p.c20 cm. aIn Hindi. aBibliographical footnotes. 0aHindi philology. 0aRajasthani philology. c72526d72526